Karel Marx a jeho postoj k vybraným politickým přesahům idealismu
Pohľad Karla Marxa na niektoré aspekty nemeckej idealistickej filozofie.
Uložené v:
| Hlavný autor: | |
|---|---|
| Médium: | Kapitola |
| Jazyk: | Czech |
| Predmet: | |
| Tagy: |
Žiadne tagy, Buďte prvý, kto otaguje tento záznam!
|
MARC
| LEADER | 00000naa a2200000 4500 | ||
|---|---|---|---|
| 001 | 0220664 | ||
| 005 | 20220713130712.7 | ||
| 041 | 0 | |a cze | |
| 044 | |a CZ | ||
| 245 | 1 | 0 | |a Karel Marx a jeho postoj k vybraným politickým přesahům idealismu |c Martin Janíčko |
| 520 | |a Pohľad Karla Marxa na niektoré aspekty nemeckej idealistickej filozofie. | ||
| 610 | 2 | 0 | |a teórie ekonomické |
| 610 | 2 | 0 | |a filozofia |
| 610 | 2 | 0 | |a dejiny myslenia ekonomického |
| 610 | 2 | 0 | |a Marx, Karol |
| 100 | 1 | |a Janíčko, Martin | |